Find the wild animal / (Record no. 1819)

MARC details
000 -LEADER
fixed length control field 01375cam a22003734a 4500
001 - CONTROL NUMBER
control field 1819
003 - CONTROL NUMBER IDENTIFIER
control field FISKH
005 - DATE AND TIME OF LATEST TRANSACTION
control field 20231004085223.0
008 - FIXED-LENGTH DATA ELEMENTS--GENERAL INFORMATION
fixed length control field 000210s2000 nyua b b 001 0 eng
010 ## - LIBRARY OF CONGRESS CONTROL NUMBER
LC control number 00024580
020 ## - INTERNATIONAL STANDARD BOOK NUMBER
International Standard Book Number 0516230980 (lib. bdg.)
020 ## - INTERNATIONAL STANDARD BOOK NUMBER
International Standard Book Number 0516230239 (pbk.)
040 ## - CATALOGING SOURCE
Original cataloging agency DLC
Transcribing agency DLC
Modifying agency DLC
Language of cataloging eng
042 ## - AUTHENTICATION CODE
Authentication code pcc
-- lcac
050 00 - LIBRARY OF CONGRESS CALL NUMBER
Classification number QL706.2
Item number .F66 2000
082 00 - DEWEY DECIMAL CLASSIFICATION NUMBER
Classification number 599.147/2
Edition number 21
100 1# - MAIN ENTRY--PERSONAL NAME
Personal name Foley, Cate.
245 10 - TITLE STATEMENT
Title Find the wild animal /
Statement of responsibility, etc. by Cate Foley.
260 ## - PUBLICATION, DISTRIBUTION, ETC.
Place of publication, distribution, etc. New York :
Name of publisher, distributor, etc. Children's Press,
Date of publication, distribution, etc. 2000.
300 ## - PHYSICAL DESCRIPTION
Extent 24 pages :
Other physical details color illustrations ;
Dimensions 16 cm.
490 1# - SERIES STATEMENT
Series statement Hide and seek
505 ## - FORMATTED CONTENTS NOTE
Formatted contents note G<br/>
520 ## - SUMMARY, ETC.
Summary, etc. Challenges the reader to examine photographs and find the wild animals hiding in their surroundings, including monkeys, bears, and sloths.
521 8# - TARGET AUDIENCE NOTE
Target audience note 400<br/>
Source Lexile<br/>
521 8# - TARGET AUDIENCE NOTE
Target audience note G<br/>
Source Raz-Plus
650 #0 - SUBJECT ADDED ENTRY--TOPICAL TERM
Topical term or geographic name entry element Mammals
Form subdivision Juvenile literature.
650 #0 - SUBJECT ADDED ENTRY--TOPICAL TERM
Topical term or geographic name entry element Camouflage (Biology)
Form subdivision Juvenile literature.
650 #1 - SUBJECT ADDED ENTRY--TOPICAL TERM
Topical term or geographic name entry element Camouflage (Biology)
650 #1 - SUBJECT ADDED ENTRY--TOPICAL TERM
Topical term or geographic name entry element Picture puzzles.
800 1# - SERIES ADDED ENTRY--PERSONAL NAME
Personal name Foley, Cate.
Title of a work Hide and seek.
906 ## - LOCAL DATA ELEMENT F, LDF (RLIN)
a 7
b cbc
c orignew
d 1
e ocip
f 20
g y-gencatlg
942 ## - ADDED ENTRY ELEMENTS (KOHA)
Source of classification or shelving scheme Dewey Decimal Classification
Koha item type Books
Suppress in OPAC No
Holdings
Withdrawn status Lost status Source of classification or shelving scheme Damaged status Not for loan Collection Home library Current library Shelving location Date acquired Total Checkouts Full call number Barcode Date last seen Date last checked out Price effective from Koha item type
    Dewey Decimal Classification     Non-Fiction Footprints International School Library Network Toul Kork Campus Footprints International School Library Network Toul Kork Campus TK Primary Library Room(4th Floor), Bookcase 1&2, Shelves 1-16, Dark Blue Books 10/04/2023 3 FOL 599.147 QL706.F66 FISTK01745 09/18/2025 09/11/2025 10/04/2023 Books